| 000 | 00813nam2a22002411 4500 | ||
|---|---|---|---|
| 001 | rc\499080 | ||
| 005 | 20030616171734.5 | ||
| 035 | _a(NLR Aleph) 005817399 | ||
| 090 |
_a5444416 _c5444416 |
||
| 100 | _a20030616d1988 u |0rusy50 ca | ||
| 101 | 0 | _arus | |
| 102 | _aRU | ||
| 105 | _ay ||||||||| | ||
| 200 | 0 | _aЧ. 3 | |
| 210 | _d1988 | ||
| 215 | _a101 с. | ||
| 461 | 0 |
_1001rc\499077 _12001#$aТерриториальные неоднородные информационно-вычислительные системы$eТез. докл. всесоюз. конф. (2-4 нояб. 1988 г.)$e[В 3 ч.$fРедкол.: И.И. Гейци и др.]$vЧ. 3 |
|
| 702 | 1 |
_aГейци _bИ. И. _4340 |
|
| 801 | 0 |
_aRU _bNLR _gpsbo |
|
| 801 | 1 |
_aRU _bELAR _2rusmarc |
|
| 852 |
_aNLR _j88-3/12910 |
||
| 942 | _cBOOK | ||
| 980 | _aNB | ||